[Event "DEM U14 2017"]
[Site "Willingen GER"]
[Date "2017.06.06"]
[Round "5"]
[White "Burian, Simon"]
[Black "Kotyk, Michael"]
[Result "0-1"]
[Termination "normal"]
[Board "14"]
[WhiteElo "1934"]
[BlackElo "1927"]
[PlyCount "68"]
[WhiteFideId "12956902"]
[BlackFideId "16214501"]
[EventCountry "GER"]
[EventRounds "9"]
[EventType "swiss"]
[EventDate "2017.06.03"]

1. e4 e5 2. Nf3 Nc6 3. Bc4 Nf6 4. d3 d5 5. exd5 Nxd5 6. O-O Bc5 7. Re1 O-O 8.
Nxe5 Nxe5 9. Rxe5 Bxf2+ 10. Kxf2 Qh4+ 11. Kf1 Qf6+ 12. Qf3 Qxe5 13. Bxd5 c6 14.
Bb3 Qxh2 15. Bf4 Qh1+ 16. Kf2 a5 17. c3 a4 18. Bc2 Re8 19. Be3 Qh4+ 20. Kf1 Bg4
21. Qf2 Qh1+ 22. Qg1 Be2+ 23. Ke1 Qxg1+ 24. Bxg1 Bxd3+ 25. Kd2 Bxc2 26. Kxc2
Re1 27. Bd4 Rd8 28. b3 a3 29. b4 Rde8 30. Kb3 R8e2 31. c4 Rxg2 32. Nxa3 Rxa1
33. Bxa1 h5 34. c5 f6 0-1

[Event "DEM U14 2017"]
[Site "Willingen GER"]
[Date "2017.06.06"]
[Round "5"]
[White "Pahl, Erik"]
[Black "Yankelevich, Michael"]
[Result "0-1"]
[Termination "normal"]
[Board "15"]
[WhiteElo "1775"]
[BlackElo "1886"]
[PlyCount "73"]
[WhiteFideId "16201272"]
[BlackFideId "12921440"]
[EventCountry "GER"]
[EventRounds "9"]
[EventType "swiss"]
[EventDate "2017.06.03"]

1. e4 d5 2. exd5 Qxd5 3. Nc3 Qd6 4. d4 Nf6 5. Nf3 a6 6. Be2 e6 7. Be3 b5 8. a3
Bb7 9. Qd2 Be7 10. O-O O-O 11. Rad1 Qd8 12. Ne5 Nbd7 13. f4 c5 14. Bf3 Bxf3 15.
Rxf3 cxd4 16. Bxd4 Qc7 17. Nxd7 Qxd7 18. Rg3 g6 19. f5 exf5 20. Qh6 Qc6 21. Re3
Bc5 22. Red3 Rad8 23. Ne2 Rfe8 24. Qd2 Ne4 25. Qe1 Ng5 26. Qf2 Ne4 27. Qf1 Qb6
28. c3 Rd7 29. Kh1 Bxd4 30. Rxd4 Rxd4 31. Rxd4 Qe6 32. Ng1 Qb3 33. Rb4 Qc2 34.
Nh3 Qd2 35. Kg1 Qe3+ 36. Kh1 Qd2 37. Kg1 0-1

[Event "DEM U14 2017"]
[Site "Willingen GER"]
[Date "2017.06.06"]
[Round "5"]
[White "Biermann, Florian"]
[Black "Fromm, Marius"]
[Result "1/2-1/2"]
[Termination "normal"]
[Board "16"]
[WhiteElo "1853"]
[BlackElo "1750"]
[PlyCount "74"]
[WhiteFideId "12970069"]
[BlackFideId "12993190"]
[EventCountry "GER"]
[EventRounds "9"]
[EventType "swiss"]
[EventDate "2017.06.03"]

1. c4 c5 2. g3 Nc6 3. Bg2 g6 4. Nc3 Bg7 5. e3 e6 6. Nge2 Nge7 7. O-O O-O 8. d4
cxd4 9. Nxd4 Nxd4 10. exd4 d5 11. cxd5 Nxd5 12. Qb3 Bxd4 13. Nxd5 exd5 14. Bh6
Re8 15. Rad1 Qf6 16. Bg5 Qxg5 17. Rxd4 Qf6 18. Rf4 Qd6 19. Bxd5 Be6 20. Bxe6
Qxe6 21. Qxb7 Qxa2 22. b3 Rf8 23. Rxf7 Rxf7 24. Qxa8+ Kg7 25. Qd5 Qb2 26. h4 h5
27. Qc4 a5 28. Qd5 Qc3 29. Rd1 Qb2 30. Rd2 Qc1+ 31. Kg2 Qc3 32. Rd3 Qe1 33.
Qd4+ Kh7 34. Rd1 Rxf2+ 35. Qxf2 Qxd1 36. Qf7+ Kh6 37. Qf8+ Kh7 1/2-1/2

[Event "DEM U14 2017"]
[Site "Willingen GER"]
[Date "2017.06.06"]
[Round "5"]
[White "Wu, Luka"]
[Black "Kölle, Tobias"]
[Result "1-0"]
[Termination "normal"]
[Board "17"]
[WhiteElo "1874"]
[BlackElo "2069"]
[PlyCount "120"]
[WhiteFideId "12977420"]
[BlackFideId "16207378"]
[EventCountry "GER"]
[EventRounds "9"]
[EventType "swiss"]
[EventDate "2017.06.03"]

1. e4 e5 2. Nf3 Nc6 3. Bb5 a6 4. Ba4 Nf6 5. O-O b5 6. Bb3 Be7 7. Re1 O-O 8. c3
Bb7 9. d4 d6 10. Nbd2 Re8 11. Nf1 Bf8 12. Ng3 g6 13. Bc2 Bg7 14. a3 h6 15. b3
Rc8 16. Bb2 Nd7 17. Rc1 Ne7 18. Qd2 exd4 19. cxd4 d5 20. e5 Nf8 21. b4 Ne6 22.
Ne2 Nc6 23. Bd3 Nb8 24. Nf4 Nd7 25. Nxe6 Rxe6 26. Qe3 Nb6 27. Nd2 Nc4 28. Nxc4
bxc4 29. Bc2 Bc6 30. f4 Bd7 31. Rf1 Rb6 32. Bc3 Bf5 33. Qf3 Qd7 34. h3 Bxc2 35.
Rxc2 Qa4 36. Rcf2 Qd7 37. Kh2 Rf8 38. f5 gxf5 39. Qh5 Qe6 40. Rxf5 Qg6 41. Qf3
c6 42. Rf4 Qd3 43. Rxf7 Qxf3 44. R7xf3 Rb7 45. Rxf8+ Bxf8 46. Rf6 Rc7 47. Kg3
Bg7 48. Rd6 Kf7 49. Kf3 Ke7 50. Bd2 Rc8 51. Ke2 Bf8 52. Bxh6 Bxh6 53. Rxh6 Kd7
54. g4 Rf8 55. Rf6 Rh8 56. Rf3 a5 57. bxa5 Rb8 58. a6 Rb2+ 59. Kd1 Rb6 60. a7
Ra6 1-0

[Event "DEM U14 2017"]
[Site "Willingen GER"]
[Date "2017.06.06"]
[Round "5"]
[White "Henning, Marvin"]
[Black "Dietz, Florian"]
[Result "1/2-1/2"]
[Termination "normal"]
[Board "18"]
[WhiteElo "1946"]
[BlackElo "1913"]
[PlyCount "81"]
[WhiteFideId "12957399"]
[BlackFideId "12939897"]
[EventCountry "GER"]
[EventRounds "9"]
[EventType "swiss"]
[EventDate "2017.06.03"]

1. e4 c5 2. c4 Nc6 3. Nc3 g6 4. g3 Bg7 5. Bg2 d6 6. Nge2 e6 7. d3 Nge7 8. O-O
O-O 9. Be3 a6 10. a4 Qb6 11. Rb1 Rd8 12. f4 Na5 13. b4 Nac6 14. bxc5 Qc7 15.
Qc2 dxc5 16. Bxc5 Nd4 17. Bxd4 Bxd4+ 18. Nxd4 Rxd4 19. Ne2 Rd8 20. d4 Nc6 21.
Qc3 a5 22. Rfd1 Ra6 23. c5 b6 24. cxb6 Rxb6 25. Rbc1 Ba6 26. Bf3 Qa7 27. Qc5
Rb3 28. Qxa7 Nxa7 29. Kf2 Rb4 30. Rc7 Nc8 31. f5 exf5 32. exf5 Nb6 33. fxg6
hxg6 34. d5 Nxa4 35. Nd4 Nb2 36. Rd2 Nd3+ 37. Rxd3 Bxd3 38. Nc6 Rc4 39. Ke3 Bf1
40. Kf2 Bd3 41. Ke3 1/2-1/2

[Event "DEM U14 2017"]
[Site "Willingen GER"]
[Date "2017.06.06"]
[Round "5"]
[White "Fidlin, Simon"]
[Black "Biermann, Lenhard"]
[Result "1-0"]
[Termination "normal"]
[Board "19"]
[WhiteElo "1841"]
[BlackElo "1879"]
[PlyCount "71"]
[WhiteFideId "16217535"]
[BlackFideId "12970077"]
[EventCountry "GER"]
[EventRounds "9"]
[EventType "swiss"]
[EventDate "2017.06.03"]

1. e4 e6 2. d4 d5 3. Nc3 Bb4 4. e5 c5 5. a3 Ba5 6. Qg4 Ne7 7. Nf3 Nbc6 8. Be3
Qb6 9. O-O-O Bxc3 10. bxc3 Ng6 11. Bd3 c4 12. Bxg6 hxg6 13. Kd2 Bd7 14. Bg5 Qc7
15. h4 Rh5 16. Ng1 Ne7 17. Qf3 f6 18. exf6 gxf6 19. Qxf6 Rh7 20. Qf4 Qb6 21.
Bxe7 Rxe7 22. Qf6 Qd6 23. Qh8+ Kf7 24. Qxa8 Qf4+ 25. Ke1 e5 26. Kf1 Qg4 27. Re1
exd4 28. Rxe7+ Kxe7 29. Nf3 d3 30. cxd3 Qf4 31. Qxa7 Qc1+ 32. Ne1 cxd3 33. Qe3+
Qxe3 34. fxe3 d2 35. Ke2 dxe1=Q+ 36. Rxe1 1-0

[Event "DEM U14 2017"]
[Site "Willingen GER"]
[Date "2017.06.06"]
[Round "5"]
[White "Lohr, Maximilian"]
[Black "Gutkin, Ilya"]
[Result "1/2-1/2"]
[Termination "normal"]
[Board "20"]
[WhiteElo "1767"]
[BlackElo "1860"]
[PlyCount "130"]
[WhiteFideId "12999717"]
[BlackFideId "16203470"]
[EventCountry "GER"]
[EventRounds "9"]
[EventType "swiss"]
[EventDate "2017.06.03"]

1. e4 e6 2. d4 d5 3. Nc3 Bb4 4. Nge2 dxe4 5. a3 Bxc3+ 6. Nxc3 Nc6 7. Bb5 Nge7
8. Nxe4 Qd5 9. Qd3 O-O 10. c3 f5 11. Ng5 Qxg2 12. Rf1 Rd8 13. Nf3 Qh3 14. Bg5
Rd6 15. Bf4 Rd8 16. Bxc7 Re8 17. O-O-O Nd5 18. Be5 a6 19. Bxc6 bxc6 20. Rg1 Re7
21. c4 Nb6 22. c5 Nd5 23. Bd6 Rb7 24. Ne5 Qh6+ 25. Rd2 Bd7 26. Rg3 Be8 27. Kc2
Raa7 28. Rh3 Nf4 29. Rxh6 Nxd3 30. Rxe6 Bf7 31. Nxf7 Kxf7 32. Rde2 Nxb2 33. Re8
Nc4 34. Rf8+ Kg6 35. Re6+ Kg5 36. Bb8 Nxa3+ 37. Kc3 Nb5+ 38. Kd3 Re7 39. Rxc6
Rad7 40. Bd6 Re4 41. Rxa6 Rxd4+ 42. Ke3 Re4+ 43. Kf3 Nxd6 44. Rxd6 Rc7 45. Rd5
g6 46. Rb8 Rc4 47. Rb5 Rc3+ 48. Kg2 Kf4 49. Rb4+ Kg5 50. Rb5 Rc6 51. Ra5 h5 52.
Rb5 Kg4 53. Rb4+ f4 54. h3+ Rxh3 55. Rxf4+ Kxf4 56. Kxh3 g5 57. Kg2 h4 58. Kh3
Rh6 59. Rd6 g4+ 60. Kg2 Rh5 61. Rd4+ Ke5 62. Rxg4 Kd5 63. Kh3 Kxc5 64. Rxh4 Rf5
65. f4 Kd4 1/2-1/2

[Event "DEM U14 2017"]
[Site "Willingen GER"]
[Date "2017.06.06"]
[Round "5"]
[White "Tham, Minh"]
[Black "Buller, Ian Joshua"]
[Result "0-1"]
[Termination "normal"]
[Board "21"]
[WhiteElo "1895"]
[BlackElo "1646"]
[PlyCount "88"]
[WhiteFideId "12997323"]
[BlackFideId "12990655"]
[EventCountry "GER"]
[EventRounds "9"]
[EventType "swiss"]
[EventDate "2017.06.03"]

1. e4 c5 2. Nf3 d6 3. d4 cxd4 4. c3 Nf6 5. e5 dxe5 6. Nxe5 Nc6 7. Bb5 Qd5 8.
Bxc6+ bxc6 9. Nf3 dxc3 10. Nxc3 Qxd1+ 11. Kxd1 Bg4 12. Ke2 e6 13. Be3 Nd5 14.
Nxd5 cxd5 15. Rac1 Bd6 16. Rc6 Kd7 17. Rhc1 a6 18. Rb6 Bxf3+ 19. Kxf3 Rhb8 20.
Rcc6 Rxb6 21. Rxb6 Bc7 22. Rb4 Rb8 23. Ra4 Rxb2 24. Rxa6 e5 25. Bc5 f5 26. g3
d4 27. Kg2 Rb5 28. Bf8 Ra5 29. Rxa5 Bxa5 30. Bxg7 d3 31. Kf3 e4+ 32. Ke3 Bb6+
33. Kd2 Bxf2 34. Be5 Kc6 35. h3 Kb5 36. g4 fxg4 37. hxg4 Kc4 38. Bf4 Kd4 39.
Kc1 e3 40. a4 e2 41. Bd2 e1=Q+ 42. Bxe1 Bxe1 43. Kd1 Ba5 44. g5 Ke3 0-1

[Event "DEM U14 2017"]
[Site "Willingen GER"]
[Date "2017.06.06"]
[Round "5"]
[White "Paeslack, Luis"]
[Black "Liebold, Aaron"]
[Result "1-0"]
[Termination "normal"]
[Board "23"]
[WhiteElo "1856"]
[BlackElo "1746"]
[PlyCount "51"]
[WhiteFideId "12987760"]
[BlackFideId "12997846"]
[EventCountry "GER"]
[EventRounds "9"]
[EventType "swiss"]
[EventDate "2017.06.03"]

1. d4 Nf6 2. Nf3 e6 3. Bg5 d5 4. e3 Be7 5. Bd3 b6 6. Nbd2 Bb7 7. Ne5 Nbd7 8. c3
Nxe5 9. dxe5 Nd7 10. Bf4 c5 11. Nf3 Qc7 12. O-O h6 13. h4 O-O-O 14. a4 Rdg8 15.
Bh2 g5 16. hxg5 hxg5 17. g4 Rh3 18. Kg2 Rgh8 19. Bg3 c4 20. Bc2 f6 21. exf6 Bd6
22. Nxg5 Rh2+ 23. Bxh2 Rxh2+ 24. Kg1 Nxf6 25. Nxe6 Qd7 26. Bf5 1-0

[Event "DEM U14 2017"]
[Site "Willingen GER"]
[Date "2017.06.06"]
[Round "5"]
[White "Popist, Florian"]
[Black "Jeschke, Jan"]
[Result "1-0"]
[Termination "normal"]
[Board "24"]
[WhiteElo "1820"]
[BlackElo "1284"]
[PlyCount "59"]
[WhiteFideId "16203518"]
[BlackFideId "16225430"]
[EventCountry "GER"]
[EventRounds "9"]
[EventType "swiss"]
[EventDate "2017.06.03"]

1. e4 e6 2. d4 d5 3. Nd2 Nf6 4. e5 Nfd7 5. Bd3 c5 6. c3 Nc6 7. Ne2 cxd4 8. cxd4
f6 9. exf6 Nxf6 10. Nf3 Bd6 11. O-O Qc7 12. Bg5 O-O 13. Bh4 Nh5 14. Qc2 g6 15.
Bxg6 hxg6 16. Qxg6+ Qg7 17. Qxh5 Rf5 18. Bg5 Be7 19. h4 e5 20. Ng3 Bxg5 21.
Nxf5 Bxf5 22. Qxg5 Qxg5 23. hxg5 Bd3 24. Rfe1 e4 25. Ne5 Nxd4 26. Nxd3 exd3 27.
Rad1 Ne2+ 28. Kf1 Nc1 29. g3 Kf7 30. Rxc1 1-0

[Event "DEM U14 2017"]
[Site "Willingen GER"]
[Date "2017.06.08"]
[Round "7"]
[White "Svane, Frederik"]
[Black "Pajeken, Jakob Leon"]
[Result "1-0"]
[Termination "normal"]
[Board "1"]
[WhiteElo "2204"]
[BlackElo "2120"]
[WhiteClock "00:21:49"]
[BlackClock "00:29:31"]
[PlyCount "147"]
[WhiteFideId "12923044"]
[BlackFideId "12942839"]
[EventCountry "GER"]
[EventRounds "9"]
[EventType "swiss"]
[EventDate "2017.06.03"]

1. e4 {[%clk 1:30:59]} 1... e5 {[%clk 1:30:25]} 2. Nf3 {[%clk 1:31:24]} 2...
Nc6 {[%clk 1:30:25]} 3. Bb5 3... a6 {[%clk 1:30:27]} 4. Ba4 {[%clk 1:32:18]}
4... Nf6 {[%clk 1:30:40]} 5. O-O 5... Be7 {[%clk 1:30:57]} 6. d3 { [%clk
1:33:06]} 6... d6 {[%clk 1:31:06]} 7. c3 {[%clk 1:32:29]} 7... O-O { [%clk
1:30:56]} 8. Re1 {[%clk 1:32:30]} 8... b5 {[%clk 1:30:35]} 9. Bc2 { [%clk
1:32:44]} 9... Re8 {[%clk 1:30:11]} 10. Nbd2 {[%clk 1:33:10]} 10... Bf8 { [%clk
1:30:05]} 11. Nf1 {[%clk 1:33:37]} 11... Bb7 {[%clk 1:28:42]} 12. Ng3 { [%clk
1:34:01]} 12... g6 {[%clk 1:28:17]} 13. d4 {[%clk 1:30:45]} 13... Bg7 { [%clk
1:23:30]} 14. a4 {[%clk 1:29:53]} 14... Qc8 {[%clk 1:04:22]} 15. Bd3 { [%clk
1:17:51]} 15... exd4 {[%clk 0:59:43]} 16. cxd4 {[%clk 1:11:28]} 16... Nb4
{[%clk 0:58:15]} 17. Bb1 {[%clk 1:10:22]} 17... c5 {[%clk 0:55:43]} 18. Bd2 {
[%clk 0:33:40]} 18... Nc6 {[%clk 0:54:34]} 19. e5 {[%clk 0:33:29]} 19... dxe5 {
[%clk 0:52:58]} 20. dxc5 {[%clk 0:33:43]} 20... b4 {[%clk 0:47:31]} 21. Ng5 {
[%clk 0:29:52]} 21... Nd4 {[%clk 0:40:03]} 22. Ba2 {[%clk 0:16:59]} 22... Bd5 {
[%clk 0:31:31]} 23. Bxd5 {[%clk 0:09:07]} 23... Nxd5 {[%clk 0:31:52]} 24. N5e4
{[%clk 0:08:50]} 24... Qc6 {[%clk 0:31:02]} 25. Rc1 {[%clk 0:09:01]} 25... a5 {
[%clk 0:29:10]} 26. Nd6 {[%clk 0:08:10]} 26... Re6 {[%clk 0:25:08]} 27. Be3 {
[%clk 0:07:12]} 27... Nf4 {[%clk 0:20:31]} 28. Bxf4 {[%clk 0:05:37]} 28... exf4
{[%clk 0:20:53]} 29. Ne2 {[%clk 0:05:44]} 29... Nxe2+ {[%clk 0:18:59]} 30. Rxe2
{[%clk 0:06:11]} 30... Rxe2 {[%clk 0:18:46]} 31. Qxe2 {[%clk 0:06:38]} 31...
Rd8 {[%clk 0:17:49]} 32. Qc4 {[%clk 0:04:40]} 32... Qc7 {[%clk 0:16:33]} 33. b3
{[%clk 0:04:21]} 33... Be5 {[%clk 0:15:49]} 34. Rd1 {[%clk 0:03:42]} 34... Bxd6
{[%clk 0:15:37]} 35. cxd6 {[%clk 0:04:09]} 35... Rxd6 {[%clk 0:15:47]} 36. Rxd6
{[%clk 0:04:24]} 36... Qxd6 {[%clk 0:16:10]} 37. h3 {[%clk 0:04:48]} 37... h5 {
[%clk 0:13:07]} 38. f3 {[%clk 0:02:34]} 38... Qe5 {[%clk 0:12:45]} 39. Kh2 {
[%clk 0:02:38]} 39... Qc3 {[%clk 0:10:10]} 40. Qd5 {[%clk 0:03:03]} 40... Kg7 {
[%clk 0:09:51]} 41. Kg1 {[%clk 0:01:31]} 41... Qc7 {[%clk 0:09:14]} 42. Kh2 {
[%clk 0:00:58]} 42... Kf6 {[%clk 0:08:58]} 43. Qd4+ {[%clk 0:00:33]} 43... Ke6
{[%clk 0:08:57]} 44. Qe4+ {[%clk 0:00:55]} 44... Kd7 {[%clk 0:08:32]} 45. Qd5+
{[%clk 0:01:22]} 45... Kc8 {[%clk 0:08:56]} 46. Qa8+ {[%clk 0:01:38]} 46... Kd7
{[%clk 0:09:19]} 47. Qd5+ {[%clk 0:02:04]} 47... Ke7 {[%clk 0:09:24]} 48. Qe4+
{[%clk 0:02:25]} 48... Kd6 {[%clk 0:08:06]} 49. Qd4+ {[%clk 0:29:26]} 49... Ke6
{[%clk 0:38:18]} 50. Qe4+ {[%clk 0:29:09]} 50... Qe5 {[%clk 0:38:14]} 51. Qc6+
{[%clk 0:29:35]} 51... Ke7 {[%clk 0:38:20]} 52. Qb7+ {[%clk 0:26:51]} 52... Kf6
{[%clk 0:38:43]} 53. Qd7 {[%clk 0:26:54]} 53... Qf5 {[%clk 0:38:07]} 54. Qd6+ {
[%clk 0:26:24]} 54... Kg7 {[%clk 0:38:09]} 55. Qd4+ {[%clk 0:25:54]} 55... Kh7
{[%clk 0:38:24]} 56. Qd8 {[%clk 0:25:11]} 56... g5 {[%clk 0:37:48]} 57. Qc7 {
[%clk 0:24:47]} 57... Qd5 {[%clk 0:38:02]} 58. Qc2+ {[%clk 0:24:53]} 58... Kg7
{[%clk 0:35:39]} 59. Qb2+ {[%clk 0:25:16]} 59... Kg6 {[%clk 0:35:51]} 60. Qc2+
{[%clk 0:25:13]} 60... Kf6 {[%clk 0:36:09]} 61. Qb2+ {[%clk 0:25:09]} 61... Kf5
{[%clk 0:36:20]} 62. Qc2+ {[%clk 0:25:05]} 62... Ke5 {[%clk 0:36:36]} 63. Qe2+
{[%clk 0:25:20]} 63... Kd4 {[%clk 0:36:14]} 64. Qd2+ {[%clk 0:25:38]} 64... Kc5
{[%clk 0:36:20]} 65. Qf2+ {[%clk 0:25:17]} 65... Kd6 {[%clk 0:35:41]} 66. Qc2 {
[%clk 0:24:17]} 66... f6 {[%clk 0:35:21]} 67. Qb2 {[%clk 0:22:03]} 67... Qe5 {
[%clk 0:35:10]} 68. Qd2+ {[%clk 0:22:30]} 68... Kc5 {[%clk 0:35:32]} 69. Qc2+ {
[%clk 0:22:51]} 69... Kd5 {[%clk 0:32:21]} 70. Qc4+ {[%clk 0:22:01]} 70... Kd6
{[%clk 0:32:46]} 71. Qf7 {[%clk 0:21:20]} 71... Qc3 {[%clk 0:32:20]} 72. Qf8+ {
[%clk 0:21:00]} 72... Ke5 {[%clk 0:31:17]} 73. Qe7+ {[%clk 0:21:24]} 73... Kf5
{[%clk 0:29:31]} 74. Qe4# {[%clk 0:21:49]} 1-0

[Event "DEM U14 2017"]
[Site "Willingen GER"]
[Date "2017.06.08"]
[Round "7"]
[White "Sulayev, Daniel"]
[Black "Tong, Kevin"]
[Result "1/2-1/2"]
[Termination "normal"]
[Board "2"]
[WhiteElo "1961"]
[BlackElo "2143"]
[WhiteClock "00:51:17"]
[BlackClock "00:08:22"]
[PlyCount "59"]
[WhiteFideId "12977675"]
[BlackFideId "12913944"]
[EventCountry "GER"]
[EventRounds "9"]
[EventType "swiss"]
[EventDate "2017.06.03"]

1. Nf3 {[%clk 1:29:42]} 1... d5 {[%clk 1:30:05]} 2. c4 {[%clk 1:29:49]} 2... c6
{[%clk 1:29:20]} 3. g3 {[%clk 1:29:44]} 3... Nf6 {[%clk 1:28:52]} 4. Bg2 {
[%clk 1:29:54]} 4... Bg4 {[%clk 1:25:33]} 5. b3 {[%clk 1:28:33]} 5... e6 {
[%clk 1:25:00]} 6. Bb2 {[%clk 1:28:05]} 6... Nbd7 {[%clk 1:24:16]} 7. O-O {
[%clk 1:28:09]} 7... Bd6 {[%clk 1:23:39]} 8. d3 {[%clk 1:27:45]} 8... O-O {
[%clk 1:22:22]} 9. Nbd2 {[%clk 1:27:59]} 9... Qe7 {[%clk 1:17:05]} 10. e4 {
[%clk 1:25:33]} 10... Ba3 {[%clk 1:12:17]} 11. Qc2 {[%clk 1:21:08]} 11... Bxb2
{[%clk 1:05:46]} 12. Qxb2 {[%clk 1:21:27]} 12... Rfd8 {[%clk 0:59:26]} 13. e5 {
[%clk 1:15:21]} 13... Ne8 {[%clk 0:59:12]} 14. d4 {[%clk 1:15:20]} 14... a5 {
[%clk 0:53:47]} 15. a3 {[%clk 1:11:41]} 15... b5 {[%clk 0:44:50]} 16. c5 {
[%clk 1:10:16]} 16... f6 {[%clk 0:39:44]} 17. Rfe1 {[%clk 1:09:59]} 17... f5 {
[%clk 0:33:32]} 18. h3 {[%clk 1:05:06]} 18... Bh5 {[%clk 0:27:52]} 19. Nf1 {
[%clk 1:02:31]} 19... Bxf3 {[%clk 0:22:35]} 20. Bxf3 {[%clk 1:02:21]} 20... g5
{[%clk 0:22:43]} 21. Qd2 {[%clk 1:02:08]} 21... Ng7 {[%clk 0:20:16]} 22. Ne3 {
[%clk 1:01:04]} 22... Rf8 {[%clk 0:19:16]} 23. Ng2 {[%clk 1:00:53]} 23... Rf7 {
[%clk 0:18:25]} 24. Be2 {[%clk 0:57:35]} 24... f4 {[%clk 0:10:31]} 25. Bd3 {
[%clk 0:56:02]} 25... Nf8 {[%clk 0:08:48]} 26. Kh2 {[%clk 0:54:07]} 26... Ng6 {
[%clk 0:08:01]} 27. Bxg6 {[%clk 0:53:50]} 27... hxg6 {[%clk 0:08:26]} 28. g4 {
[%clk 0:54:04]} 28... Ne8 {[%clk 0:08:17]} 29. Qd3 {[%clk 0:53:19]} 29... Kg7 {
[%clk 0:08:22]} 30. Rg1 {[%clk 0:51:17]} 1/2-1/2

[Event "DEM U14 2017"]
[Site "Willingen GER"]
[Date "2017.06.08"]
[Round "7"]
[White "Suvorov, Luca"]
[Black "Kopylov, Daniel"]
[Result "1-0"]
[Termination "normal"]
[Board "3"]
[WhiteElo "2121"]
[BlackElo "2138"]
[WhiteClock "00:00:48"]
[BlackClock "00:05:00"]
[PlyCount "79"]
[WhiteFideId "12977071"]
[BlackFideId "12921971"]
[EventCountry "GER"]
[EventRounds "9"]
[EventType "swiss"]
[EventDate "2017.06.03"]

1. d4 {[%clk 1:30:58]} 1... d5 {[%clk 1:30:48]} 2. c4 {[%clk 1:31:19]} 2... e6
{[%clk 1:31:06]} 3. Nf3 {[%clk 1:31:39]} 3... Nf6 {[%clk 1:30:49]} 4. Nc3 {
[%clk 1:20:52]} 4... dxc4 {[%clk 1:30:22]} 5. Bg5 {[%clk 1:19:46]} 5... a6 {
[%clk 1:19:52]} 6. a4 {[%clk 1:17:37]} 6... c5 {[%clk 1:10:59]} 7. dxc5 { [%clk
1:07:36]} 7... Bxc5 {[%clk 1:09:02]} 8. Qxd8+ {[%clk 1:00:07]} 8... Kxd8 {[%clk
1:06:40]} 9. e4 {[%clk 0:59:06]} 9... h6 {[%clk 1:06:03]} 10. Bh4 { [%clk
0:53:18]} 10... g5 {[%clk 1:03:29]} 11. Bg3 {[%clk 0:51:49]} 11... Bb4 { [%clk
1:01:21]} 12. Ne5 {[%clk 0:40:06]} 12... Ke7 {[%clk 1:00:07]} 13. f3 { [%clk
0:39:55]} 13... Nc6 {[%clk 0:49:09]} 14. Nxc6+ {[%clk 0:33:35]} 14... bxc6
{[%clk 0:49:15]} 15. Bxc4 {[%clk 0:33:06]} 15... a5 {[%clk 0:48:15]} 16. O-O-O
{[%clk 0:26:55]} 16... Ba6 {[%clk 0:43:09]} 17. Bxa6 {[%clk 0:21:50]} 17...
Rxa6 {[%clk 0:43:35]} 18. Rd3 {[%clk 0:21:33]} 18... Raa8 {[%clk 0:43:34] } 19.
Rhd1 {[%clk 0:13:46]} 19... Rhd8 {[%clk 0:43:42]} 20. Ne2 {[%clk 0:09:07] }
20... Rxd3 {[%clk 0:42:28]} 21. Rxd3 {[%clk 0:09:36]} 21... Rc8 { [%clk
0:42:43]} 22. Nd4 {[%clk 0:03:30]} 22... Nd7 {[%clk 0:42:42]} 23. Rd1 { [%clk
0:02:30]} 23... Nb6 {[%clk 0:37:27]} 24. b3 {[%clk 0:02:52]} 24... c5 { [%clk
0:35:30]} 25. Nb5 {[%clk 0:02:56]} 25... c4 {[%clk 0:35:48]} 26. Na7 { [%clk
0:02:14]} 26... Ra8 27. Nc6+ {[%clk 0:02:28]} 27... Kf6 {[%clk 0:35:29]} 28.
Be5+ {[%clk 0:02:00]} 28... Kg6 {[%clk 0:35:45]} 29. Bd4 {[%clk 0:01:32]} 29...
Ra6 {[%clk 0:25:34]} 30. Nxb4 {[%clk 0:00:57]} 30... axb4 {[%clk 0:25:58] } 31.
Bxb6 {[%clk 0:01:21]} 31... Rxb6 {[%clk 0:26:21]} 32. bxc4 { [%clk 0:01:47]}
32... Rc6 {[%clk 0:24:29]} 33. Kb2 {[%clk 0:01:26]} 33... Rxc4 {[%clk 0:24:46]}
34. Kb3 {[%clk 0:01:35]} 34... Rc3+ {[%clk 0:25:03]} 35. Kxb4 {[%clk 0:01:40]}
35... Rc2 {[%clk 0:25:32]} 36. Kb3 {[%clk 0:01:07]} 36... Rc8 {[%clk 0:23:14]}
37. a5 {[%clk 0:00:56]} 37... Rb8+ {[%clk 0:23:11]} 38. Kc4 { [%clk 0:00:59]}
38... Rb2 {[%clk 0:05:14]} 39. Ra1 {[%clk 0:01:05]} 39... Rxg2 {[%clk 0:05:00]}
40. Kc3 {[%clk 0:00:48]} 1-0